[Event "Oberliga NRW 2122"]
[Site "Germany"]
[Date "2022.05.29"]
[Round "6.6"]
[White "Czybik, Nils Patrick"]
[Black "Pewny, Uwe"]
[Result "1-0"]
[WhiteElo "2165"]
[BlackElo "2207"]
[PlyCount "115"]
[EventDate "2021.10.31"]
[EventType "team-tourn"]
[EventRounds "9"]
[EventCountry "GER"]
[SourceTitle "EXT 2024"]
[Source "ChessBase"]
[SourceDate "2023.10.10"]
[SourceVersion "1"]
[SourceVersionDate "2023.10.10"]
[SourceQuality "1"]
[WhiteTeam "Muelheim Nord II"]
[BlackTeam "Bochum II"]
[WhiteTeamCountry "GER"]
[BlackTeamCountry "GER"]

1. d4 Nf6 2. Nf3 g6 3. g3 Bg7 4. Bg2 0-0 5. 0-0 d6 6. c4 c6 7. Nc3 Qa5 8. Qc2 Nbd7 9. Rd1 Rb8 10. Nd2 e5 11. d5 Qc7 12. b3 cxd5 13. Nxd5 Nxd5 14. Bxd5 b5 15. Ne4 Kh8 16. Bb2 Nb6 17. Rac1 bxc4 18. Ba3 Nxd5 19. Rxd5 Bb7 20. Bxd6 Qb6 21. Bxf8 Bxd5 22. Bxg7+ Kxg7 23. bxc4 Rc8 24. Nd2 Bb7 25. c5 Qc6 26. f3 h5 27. Qc3 f6 28. h4 Ba6 29. Kf2 Qb5 30. Qe3 Qb2 31. Nb3 Rc6 32. Qd2 Qxd2 33. Nxd2 Bb5 34. Ne4 Ra6 35. Rc2 Bc6 36. Nd2 Kf7 37. Nb3 Ke6 38. Ke3 Bd5 39. Kd3 Kd7 40. Kc3 Be6 41. Kb4 Kc7 42. Na5 Bd7 43. Rd2 Re6 44. Nc4 Re8 45. Rd6 Rb8+ 46. Kc3 Rb1 47. Rxf6 Rc1+ 48. Kb4 Rb1+ 49. Ka3 Bb5 50. Nxe5 Bxe2 51. Rxg6 Rf1 52. Rg7+ Kc8 53. Rxa7 Bxf3 54. Rf7 Be2 55. Rxf1 Bxf1 56. Kb4 Be2 57. c6 Kc7 58. Kc5 1-0

[Event "BL2-West 1920"]
[Site "Germany"]
[Date "2019.12.08"]
[Round "4.6"]
[White "Goebel, Constantin"]
[Black "Pewny, Uwe"]
[Result "1-0"]
[WhiteElo "2246"]
[BlackElo "2212"]
[PlyCount "45"]
[EventDate "2019.09.19"]
[EventType "team-tourn"]
[EventRounds "9"]
[EventCountry "GER"]
[SourceTitle "EXT 2023"]
[Source "ChessBase"]
[SourceDate "2022.10.05"]
[SourceVersion "1"]
[SourceVersionDate "2022.10.05"]
[SourceQuality "1"]
[WhiteTeam "Schott Mainz"]
[BlackTeam "Bochum"]
[WhiteTeamCountry "GER"]
[BlackTeamCountry "GER"]

1. e4 d6 2. d4 Nf6 3. Nc3 Nbd7 4. Nf3 e5 5. Bc4 Be7 6. 0-0 0-0 7. h3 c6 8. a4 a5 9. Re1 Nb6 10. Bf1 Nfd7 11. b3 exd4 12. Nxd4 Nc5 13. Bb2 Re8 14. Qf3 Bf6 15. Rad1 Be5 16. Qe3 Qe7 17. Ba3 Bd7 18. f4 Bf6 19. e5 Nc8 20. Nf3 b6 21. Qf2 dxe5 22. fxe5 Bg5 23. Bxc5 1-0

[Event "BL2-West 1819"]
[Site "Germany"]
[Date "2019.02.03"]
[Round "6.6"]
[White "Michalczak, Thomas"]
[Black "Pewny, Uwe"]
[Result "0-1"]
[WhiteElo "2163"]
[BlackElo "2203"]
[PlyCount "48"]
[EventDate "2018.11.21"]
[EventType "team-tourn"]
[EventRounds "9"]
[EventCountry "GER"]
[SourceTitle "CBM 190 Extra"]
[Source "ChessBase"]
[SourceDate "2019.07.15"]
[SourceVersion "1"]
[SourceVersionDate "2019.07.15"]
[SourceQuality "1"]
[WhiteTeam "Solingen II"]
[BlackTeam "Bochum SV"]
[WhiteTeamCountry "GER"]
[BlackTeamCountry "GER"]

1. e4 d6 2. d4 Nf6 3. Nc3 Nbd7 4. Nf3 e5 5. Be2 Be7 6. g4 Nxg4 7. Rg1 Nb6 8. h3 exd4 9. Nxd4 Ne5 10. Rxg7 Ng6 11. Bb5+ c6 12. Nxc6 bxc6 13. Bxc6+ Bd7 14. Bxa8 Qxa8 15. Qf3 Be6 16. Bh6 Qd8 17. Nd5 Nxd5 18. exd5 Qa5+ 19. Qc3 Qxc3+ 20. bxc3 Bxd5 21. Rb1 Kd7 22. c4 Bxc4 23. Rb7+ Kc6 24. Rxa7 Bf8 0-1

[Event "BL2-West 1819"]
[Site "Germany"]
[Date "2018.10.21"]
[Round "1.7"]
[White "Pewny, Uwe"]
[Black "Weber, Samuel"]
[Result "0-1"]
[WhiteElo "2202"]
[BlackElo "2141"]
[PlyCount "90"]
[EventDate "2018.11.21"]
[EventType "team-tourn"]
[EventRounds "9"]
[EventCountry "GER"]
[SourceTitle "CBM 190 Extra"]
[Source "ChessBase"]
[SourceDate "2019.07.15"]
[SourceVersion "1"]
[SourceVersionDate "2019.07.15"]
[SourceQuality "1"]
[WhiteTeam "Bochum SV"]
[BlackTeam "Oberursel"]
[WhiteTeamCountry "GER"]
[BlackTeamCountry "GER"]

1. Nf3 Nf6 2. c4 e6 3. g3 a6 4. Bg2 b5 5. b3 Bb7 6. 0-0 c5 7. Bb2 Be7 8. Nc3 Qb6 9. Qc2 0-0 10. Rac1 Nc6 11. e3 Rab8 12. Ba1 d6 13. d3 Nd7 14. Qe2 Bf6 15. Ne1 Ne7 16. f4 Nf5 17. Bxb7 Qxb7 18. Ng2 b4 19. Na4 Bxa1 20. Rxa1 Ne7 21. Rad1 Nb6 22. Nxb6 Qxb6 23. d4 a5 24. d5 exd5 25. cxd5 f5 26. Kh1 Qb5 27. Rfe1 Qxe2 28. Rxe2 a4 29. e4 fxe4 30. Rxe4 Nf5 31. Ne3 Nd4 32. Rb1 axb3 33. axb3 Rfe8 34. Rxe8+ Rxe8 35. Nc4 Re2 36. Rb2 Rxb2 37. Nxb2 Nxb3 38. Nc4 Kf8 39. Nxd6 Nd2 40. Nb5 b3 41. Kg2 b2 42. Nc3 b1Q 43. Nxb1 Nxb1 44. Kf3 Ke7 45. Ke4 Kd6 0-1

[Event "Ruhrgebiet Regionalliga 1516"]
[Site "Germany"]
[Date "2016.04.10"]
[Round "8.6"]
[White "Pewny, Uwe"]
[Black "Boehm, Juergen1111"]
[Result "0-1"]
[WhiteElo "2220"]
[BlackElo "2150"]
[PlyCount "116"]
[EventDate "2015.09.13"]
[EventType "team-tourn"]
[EventRounds "9"]
[EventCountry "GER"]
[SourceTitle "EXT 2022"]
[Source "ChessBase"]
[SourceDate "2021.10.06"]
[SourceVersion "1"]
[SourceVersionDate "2021.10.06"]
[SourceQuality "1"]
[WhiteTeam "Bochum SV"]
[BlackTeam "Brackel SF"]
[WhiteTeamCountry "GER"]
[BlackTeamCountry "GER"]

1. e4 e6 2. d4 d5 3. Nc3 Bb4 4. e5 c5 5. a3 Bxc3+ 6. bxc3 Qa5 7. Bd2 Qa4 8. h4 Nc6 9. h5 h6 10. Nf3 c4 11. Nh4 Nge7 12. Ra2 Bd7 13. Qg4 Rg8 14. Be2 0-0-0 15. 0-0 Kb8 16. Qg3 Ka8 17. Rb1 Rdf8 18. f4 f5 19. Qe1 g6 20. hxg6 Be8 21. Nf3 Rxg6 22. Qh4 Rfg8 23. Ne1 h5 24. Bf1 Rg4 25. Qf2 h4 26. Nf3 Ng6 27. Ng5 Bd7 28. Be2 Nce7 29. Bxg4 fxg4 30. Qe2 g3 31. Nf7 Rf8 32. Nd6 b6 33. f5 exf5 34. Bh6 Rg8 35. Bg5 Qc6 36. a4 Nc8 37. Nxc8 Bxc8 38. a5 b5 39. a6 Bd7 40. Qf3 Qe6 41. Rf1 f4 42. Bf6 Kb8 43. Qh5 Kc7 44. Qh7 h3 45. Rb2 hxg2 46. Kxg2 Kc6 47. Rf3 Kb6 48. Qh5 Kxa6 49. Rb1 Qf5 50. Qxf5 Bxf5 51. Rh1 Be4 52. Bg5 Nxe5 53. Rh6+ Kb7 54. dxe5 Rxg5 55. e6 Bxf3+ 56. Kxf3 g2 57. Rh7+ Kc6 58. e7 Kd7 0-1

[Event "Ruhrgebiet Regionalliga 1516"]
[Site "Germany"]
[Date "2015.10.18"]
[Round "2.6"]
[White "Schaller, Torsten"]
[Black "Pewny, Uwe"]
[Result "0-1"]
[WhiteElo "2037"]
[BlackElo "2220"]
[PlyCount "94"]
[EventDate "2015.09.13"]
[EventType "team-tourn"]
[EventRounds "9"]
[EventCountry "GER"]
[SourceTitle "EXT 2022"]
[Source "ChessBase"]
[SourceDate "2021.10.06"]
[SourceVersion "1"]
[SourceVersionDate "2021.10.06"]
[SourceQuality "1"]
[WhiteTeam "Welper SV"]
[BlackTeam "Bochum SV"]
[WhiteTeamCountry "GER"]
[BlackTeamCountry "GER"]

1. e4 g6 2. d4 Bg7 3. Nc3 d6 4. f4 Nc6 5. Be3 Nf6 6. Nf3 0-0 7. Be2 e6 8. Qd2 b6 9. 0-0-0 Ne7 10. h3 Bb7 11. Bd3 b5 12. e5 b4 13. Ne2 Nfd5 14. Rhf1 Nxe3 15. Qxe3 Qd7 16. Be4 Bxe4 17. Qxe4 Qa4 18. Kb1 Rab8 19. c4 d5 20. Qc2 Qxc2+ 21. Kxc2 dxc4 22. Nd2 b3+ 23. axb3 cxb3+ 24. Nxb3 Nd5 25. Rf3 Rb6 26. Nc5 Rfb8 27. b3 Bf8 28. Nd7 Rc6+ 29. Kb2 Rd8 30. Nxf8 Kxf8 31. Nc3 Nb4 32. Rd2 Ra6 33. Rf1 Rb6 34. Na4 Rb5 35. Nc3 Ra5 36. Na4 c5 37. Rfd1 c4 38. bxc4 Rb8 39. Ka3 Nc6 40. Rb2 Rxa4+ 41. Kxa4 Rxb2 42. d5 exd5 43. cxd5 Ne7 44. g4 Ke8 45. d6 Nc6 46. Rc1 Kd7 47. Rc4 a5 0-1

[Event "Ruhrgebiet Regionalliga 1516"]
[Site "Germany"]
[Date "2015.09.13"]
[Round "1.7"]
[White "Simanowski, Mio"]
[Black "Pewny, Uwe"]
[Result "1-0"]
[WhiteElo "1917"]
[BlackElo "2220"]
[PlyCount "91"]
[EventDate "2015.09.13"]
[EventType "team-tourn"]
[EventRounds "9"]
[EventCountry "GER"]
[SourceTitle "EXT 2022"]
[Source "ChessBase"]
[SourceDate "2021.10.06"]
[SourceVersion "1"]
[SourceVersionDate "2021.10.06"]
[SourceQuality "1"]
[WhiteTeam "Muelheim Nord III"]
[BlackTeam "Bochum SV"]
[WhiteTeamCountry "GER"]
[BlackTeamCountry "GER"]

1. e4 g6 2. d4 Bg7 3. Nf3 d6 4. Bd3 Bg4 5. c3 Nc6 6. h3 Bxf3 7. Qxf3 e5 8. d5 Nce7 9. Bg5 Qd7 10. Na3 f6 11. Bb5 c6 12. dxc6 bxc6 13. Bc4 d5 14. exd5 fxg5 15. dxc6 Qf5 16. Nb5 Qxf3 17. Nc7+ Kf8 18. gxf3 Rc8 19. Ne6+ Kf7 20. c7 Kf6 21. 0-0-0 Nf5 22. Rd7 Nge7 23. Nc5 Bh6 24. Ne4+ Kg7 25. Be6 g4+ 26. Kc2 gxf3 27. Bxf5 gxf5 28. Nd6 Kf6 29. Nxc8 Rxc8 30. Rd6+ Kg5 31. h4+ Kh5 32. Rd7 Bf8 33. Rd8 e4 34. Rhd1 Rxc7 35. Rxf8 Kg4 36. Rfd8 e3 37. fxe3 f2 38. Rf1 Kf3 39. Rd2 Kxe3 40. Rfxf2 Ke4 41. Rde2+ Kd5 42. b4 Kd6 43. Kb3 a5 44. a3 a4+ 45. Kxa4 Rxc3 46. Rd2+ 1-0

[Event "Ruhrgebiet Regionalliga 1415"]
[Site "Germany"]
[Date "2015.02.22"]
[Round "6.3"]
[White "Pruess, Wilfried"]
[Black "Pewny, Uwe"]
[Result "1/2-1/2"]
[WhiteElo "2107"]
[BlackElo "2219"]
[PlyCount "72"]
[EventDate "2014.09.28"]
[EventType "team-tourn"]
[EventRounds "9"]
[EventCountry "GER"]
[SourceTitle "EXT 2022"]
[Source "ChessBase"]
[SourceDate "2021.10.06"]
[SourceVersion "1"]
[SourceVersionDate "2021.10.06"]
[SourceQuality "1"]
[WhiteTeam "Hamm Koenigsspringer"]
[BlackTeam "Bochum SV II"]
[WhiteTeamCountry "GER"]
[BlackTeamCountry "GER"]

1. e4 g6 2. d4 Bg7 3. Nc3 c6 4. Be2 d5 5. Nf3 Nf6 6. e5 Ne4 7. 0-0 f6 8. exf6 exf6 9. Nxe4 dxe4 10. Ne1 f5 11. c3 Be6 12. f3 0-0 13. fxe4 fxe4 14. Nc2 Nd7 15. Ne3 Rxf1+ 16. Qxf1 Nf6 17. Qf4 Qd7 18. Bc4 Bxc4 19. Nxc4 Re8 20. Ne5 Qd5 21. Qf2 c5 22. Be3 cxd4 23. cxd4 Nd7 24. Nxd7 Qxd7 25. Rd1 Qd5 26. b3 Rc8 27. Qd2 Rd8 28. Qb4 Bf8 29. Qc4 Bg7 30. Kf1 h6 31. Ke2 Kh7 32. Qxd5 Rxd5 33. Rc1 Rd7 34. Rc4 g5 35. d5 Rxd5 36. Rxe4 Ra5 1/2-1/2

[Event "Ruhrgebiet Regionalliga 1314"]
[Site "Ruhrgebiet"]
[Date "2013.12.01"]
[Round "4.4"]
[White "Kuipers, Dustin"]
[Black "Pewny, Uwe"]
[Result "0-1"]
[WhiteElo "2021"]
[BlackElo "2198"]
[PlyCount "78"]
[EventDate "2013.09.22"]
[EventType "team-tourn"]
[EventRounds "9"]
[EventCountry "GER"]
[SourceTitle "EXT 2024"]
[Source "ChessBase"]
[SourceDate "2023.10.10"]
[SourceVersion "1"]
[SourceVersionDate "2023.10.10"]
[SourceQuality "1"]
[WhiteTeam "Muelheim Nord III"]
[BlackTeam "Bochum II"]
[WhiteTeamCountry "GER"]
[BlackTeamCountry "GER"]

1. Nf3 g6 2. g3 Bg7 3. Bg2 c5 4. 0-0 Nc6 5. e4 e5 6. d3 Nge7 7. Be3 d6 8. Qd2 h6 9. a3 Nd4 10. Bxd4 cxd4 11. c3 0-0 12. Qc2 Be6 13. c4 Qd7 14. Nbd2 Rac8 15. b4 b5 16. Rac1 Rc7 17. Qb3 Rfc8 18. Rc2 d5 19. Rfc1 dxc4 20. dxc4 d3 21. Rc3 Nc6 22. Qb1 Nd4 23. Qxd3 bxc4 24. Qe3 Nb5 25. Bf1 Nxc3 26. Qxc3 Qb5 27. Ne1 h5 28. Nc2 Bh6 29. Ne3 Qb6 30. Re1 Qd4 31. Qc2 Bxe3 32. Rxe3 Qa1 33. Kg2 c3 34. Nf3 Bh3+ 35. Kxh3 Qxf1+ 36. Kh4 f6 37. Qb3+ Qc4 38. Rxc3 Qxb3 39. Rxb3 Rc3 0-1

[Event "Ruhrgebiet VL2 0405"]
[Site "Ruhrgebiet"]
[Date "2005.02.20"]
[Round "7.1"]
[White "Pewny, Uwe"]
[Black "Kreslawski, Raimond"]
[Result "1-0"]
[WhiteElo "2176"]
[BlackElo "2133"]
[PlyCount "81"]
[EventDate "2004.09.12"]
[EventType "team"]
[EventRounds "9"]
[EventCountry "GER"]
[SourceTitle "EXT 2006"]
[Source "ChessBase"]
[SourceDate "2005.11.24"]
[SourceVersion "1"]
[SourceVersionDate "2005.11.24"]
[SourceQuality "1"]
[WhiteTeam "Bochum Post"]
[BlackTeam "Altstadt RE"]
[WhiteTeamCountry "GER"]
[BlackTeamCountry "GER"]

1. e4 c5 2. Nf3 d6 3. d4 cxd4 4. Nxd4 Nf6 5. Nc3 Nc6 6. Bc4 e5 7. Nf5 Be6 8. Bb3 Qd7 9. g4 g6 10. Bg5 Nxg4 11. Bxe6 fxe6 12. Nxd6+ Bxd6 13. Qxg4 0-0 14. 0-0-0 Rxf2 15. Be3 Rf7 16. Nb5 Nd4 17. Nxd4 exd4 18. Rxd4 Rc8 19. Rd2 Qc6 20. Rhd1 Bb4 21. Rg2 Qc4 22. Kb1 Rf1 23. Rxf1 Qxf1+ 24. Bc1 Re8 25. h4 Bc5 26. Rd2 Qf7 27. h5 Be3 28. hxg6 hxg6 29. Rd1 Bxc1 30. Kxc1 Rf8 31. Kb1 Kg7 32. a3 Rh8 33. Qg5 Rf8 34. Rh1 Qf4 35. Qe7+ Qf7 36. Qh4 Qf4 37. Qh7+ Kf6 38. Qxb7 Rb8 39. Qxa7 Qf3 40. e5+ Kg5 41. Rg1+ 1-0

[Event "Ruhrgebiet VL2 0304"]
[Site "Ruhrgebiet"]
[Date "2004.01.11"]
[Round "5.2"]
[White "Pewny, Uwe"]
[Black "Frohne, Gerd"]
[Result "1/2-1/2"]
[WhiteElo "2180"]
[BlackElo "2080"]
[PlyCount "96"]
[EventDate "2003.09.28"]
[EventType "team"]
[EventRounds "9"]
[EventCountry "GER"]
[SourceTitle "EXT 2007"]
[Source "ChessBase"]
[SourceDate "2006.11.23"]
[SourceVersion "1"]
[SourceVersionDate "2006.11.23"]
[SourceQuality "1"]
[WhiteTeam "Bochum Post"]
[BlackTeam "Gladbeck SG"]
[WhiteTeamCountry "GER"]
[BlackTeamCountry "GER"]

1. e4 e6 2. d4 d5 3. Nc3 Nf6 4. Bg5 dxe4 5. Nxe4 Be7 6. Bxf6 gxf6 7. g3 f5 8. Nc3 Bf6 9. Nge2 Nc6 10. d5 Nb4 11. Bg2 c6 12. dxc6 Qxd1+ 13. Rxd1 bxc6 14. a3 Nd5 15. Nd4 Ba6 16. Na4 Bxd4 17. Rxd4 0-0-0 18. Nc5 Bb7 19. 0-0 Nb6 20. Rfd1 Ba8 21. b3 Rxd4 22. Rxd4 Rd8 23. Rh4 Rd1+ 24. Bf1 Nd7 25. Nxd7 Kxd7 26. Ra4 Kc7 27. Rxa7+ Kb8 28. Rxf7 c5 29. Rxh7 Bf3 30. Re7 Be2 31. Kg2 Bxf1+ 32. Kf3 Re1 33. Kf4 Bh3 34. f3 Re2 35. c4 Kc8 36. b4 Kd8 37. Rh7 e5+ 38. Kg5 Rxh2 39. b5 e4 40. fxe4 fxe4 41. Kf4 Rf2+ 42. Ke3 Rf3+ 43. Kxe4 Bf5+ 44. Kxf3 Bxh7 45. Ke3 Bg8 46. Kd3 Be6 47. a4 Kc7 48. a5 Kb7 1/2-1/2

[Event "Ruhrgebiet VL2 0304"]
[Site "Ruhrgebiet"]
[Date "2003.10.19"]
[Round "2.2"]
[White "Woller, Rainer"]
[Black "Pewny, Uwe"]
[Result "0-1"]
[WhiteElo "2063"]
[BlackElo "2180"]
[PlyCount "64"]
[EventDate "2003.09.28"]
[EventType "team"]
[EventRounds "9"]
[EventCountry "GER"]
[SourceTitle "EXT 2007"]
[Source "ChessBase"]
[SourceDate "2006.11.23"]
[SourceVersion "1"]
[SourceVersionDate "2006.11.23"]
[SourceQuality "1"]
[WhiteTeam "Mengede SG"]
[BlackTeam "Bochum Post"]
[WhiteTeamCountry "GER"]
[BlackTeamCountry "GER"]

1. Nf3 Nf6 2. c4 g6 3. Nc3 Bg7 4. e4 d6 5. d4 0-0 6. Be2 e5 7. 0-0 Nc6 8. d5 Ne7 9. b4 Nh5 10. Re1 Nf4 11. Bf1 f5 12. Bxf4 exf4 13. e5 a5 14. bxa5 dxe5 15. Nxe5 g5 16. Qb3 Ng6 17. Nxg6 hxg6 18. Rad1 Rxa5 19. d6 Re5 20. c5+ Kh7 21. Rxe5 Bxe5 22. Nb5 cxd6 23. Nxd6 Qc7 24. Qd5 Bg7 25. Rd3 g4 26. Rb3 Rd8 27. Rb6 Qe7 28. Qd2 Qe5 29. Rb5 Qd4 30. Qa5 g3 31. hxg3 fxg3 32. Qe1 Qh4 0-1

[Event "Ruhrgebiet VL1 0001"]
[Site "Ruhrgebiet"]
[Date "2001.01.21"]
[Round "5"]
[White "Pewny, Uwe"]
[Black "Walbaum, Klaus"]
[Result "1-0"]
[WhiteElo "2147"]
[BlackElo "2174"]
[PlyCount "79"]
[EventDate "2000.09.17"]
[EventType "team-tourn"]
[EventRounds "9"]
[EventCountry "GER"]
[SourceTitle "EXT 2023"]
[Source "ChessBase"]
[SourceDate "2022.10.05"]
[SourceVersion "1"]
[SourceVersionDate "2022.10.05"]
[SourceQuality "1"]
[WhiteTeam "Bochum Post"]
[BlackTeam "Essen Ueberruhr"]
[WhiteTeamCountry "GER"]
[BlackTeamCountry "GER"]

1. e4 c5 2. Nf3 g6 3. d4 cxd4 4. Nxd4 Nf6 5. Nc3 Nc6 6. Nxc6 bxc6 7. e5 Ng8 8. Bc4 Bg7 9. Bf4 f6 10. e6 d6 11. g4 Rb8 12. Qf3 Rb4 13. Qxc6+ Kf8 14. 0-0-0 Bh6 15. Bxh6+ Nxh6 16. f3 Kg7 17. Qe4 Bb7 18. Nd5 Bxd5 19. Qxd5 Qc7 20. Bb3 Rc8 21. Rd4 Rxd4 22. Qxd4 Qa5 23. Rd1 Rc7 24. Qd5 Qb4 25. Qd4 Qa5 26. Kb1 Qb5 27. Rd3 Rc5 28. a3 Qc6 29. Bd5 Qb5 30. c4 Qa4 31. Ka2 a5 32. Rb3 Ng8 33. Rb8 Qc2 34. g5 a4 35. h4 h6 36. f4 hxg5 37. hxg5 Kh7 38. Qg1 Rxd5 39. Qh1+ Kg7 40. Qxd5 1-0

[Event "Ruhrgebiet VK2 9900"]
[Site "Ruhrgebiet"]
[Date "2000.05.21"]
[Round "9"]
[White "Pewny, Uwe"]
[Black "Beierlein, Martin"]
[Result "1-0"]
[WhiteElo "2129"]
[BlackElo "1890"]
[PlyCount "127"]
[EventDate "1999.09.19"]
[EventType "team-tourn"]
[EventRounds "9"]
[EventCountry "GER"]
[SourceTitle "EXT 2024"]
[Source "ChessBase"]
[SourceDate "2023.10.10"]
[SourceVersion "1"]
[SourceVersionDate "2023.10.10"]
[SourceQuality "1"]

1. e4 e6 2. d4 c5 3. d5 exd5 4. exd5 d6 5. Nf3 Be7 6. Be2 Nf6 7. Nc3 a6 8. a4 0-0 9. Nd2 Bf5 10. Nc4 Re8 11. 0-0 Nbd7 12. Bf4 Nb6 13. Ne3 Bg6 14. a5 Nc8 15. Nc4 b5 16. axb6 Nxb6 17. Na5 Qc8 18. Bg3 Bf8 19. Nc4 Nxc4 20. Bxc4 Ne4 21. Nxe4 Rxe4 22. b3 a5 23. f3 Re3 24. Bb5 Rc3 25. Ra2 Qf5 26. Rf2 Qf6 27. Ra4 Bf5 28. Re2 Qg6 29. Ra2 Rb8 30. Bc4 h5 31. Be1 Rxf3 32. Bxa5 Rf4 33. Qe1 h4 34. Bd2 Re4 35. c3 Be7 36. Bf4 Rxf4 37. Rxe7 Kh7 38. Rd2 Qg5 39. Rxf7 Bg6 40. Rxf4 Qxf4 41. Rf2 Qg5 42. Qd2 Qxd2 43. Rxd2 Kh6 44. Ra2 Rf8 45. Ra7 Be4 46. Re7 Bf5 47. Bb5 g6 48. Re8 Rf7 49. Rd8 Rf6 50. Bc4 Kg5 51. b4 cxb4 52. cxb4 h3 53. b5 hxg2 54. Kxg2 Be4+ 55. Kg1 Kf4 56. b6 Rf7 57. Rxd6 Ke5 58. Rc6 Rd7 59. Kf2 Rf7+ 60. Ke3 Rf3+ 61. Kd2 Rh3 62. b7 Rxh2+ 63. Be2 Rh8 64. Rc8 1-0

[Event "Ruhrgebiet VK2 9900"]
[Site "Ruhrgebiet"]
[Date "2000.02.20"]
[Round "6"]
[White "Linker, Walter"]
[Black "Pewny, Uwe"]
[Result "1/2-1/2"]
[WhiteElo "2021"]
[BlackElo "2129"]
[PlyCount "125"]
[EventDate "1999.09.19"]
[EventType "team-tourn"]
[EventRounds "9"]
[EventCountry "GER"]
[SourceTitle "EXT 2024"]
[Source "ChessBase"]
[SourceDate "2023.10.10"]
[SourceVersion "1"]
[SourceVersionDate "2023.10.10"]
[SourceQuality "1"]

1. b3 d6 2. e3 Nf6 3. Bb2 Nbd7 4. f4 g6 5. Nf3 Bg7 6. Be2 0-0 7. 0-0 e5 8. fxe5 Ng4 9. Nc3 dxe5 10. Rb1 Nb6 11. h3 Nh6 12. Ne4 f5 13. Ng3 e4 14. Bxg7 Kxg7 15. Nd4 c5 16. Nb5 Nd5 17. c4 Nb4 18. a3 Nc6 19. Qc2 a6 20. Qb2+ Kg8 21. Nc3 Be6 22. Ngxe4 fxe4 23. Rxf8+ Qxf8 24. Nxe4 Qe7 25. Nf6+ Kf7 26. Rf1 Nf5 27. Ng4 Rd8 28. e4 Ncd4 29. Bd1 Qg5 30. exf5 gxf5 31. Ne5+ Kg8 32. Nf3 Qg7 33. Qc3 f4 34. Nxd4 Rxd4 35. Bf3 b6 36. Re1 Bf7 37. Re4 Bg6 38. Rxd4 cxd4 39. Bd5+ Kh8 40. Qf3 Qe5 41. Kf2 d3 42. g3 fxg3+ 43. Qxg3 Qe2+ 44. Kg1 Qd1+ 45. Kg2 Qxd2+ 46. Qf2 Qg5+ 47. Kf1 Kg7 48. Qd4+ Kh6 49. Bf3 Qf5 50. Qe3+ Kg7 51. Qd4+ Qf6 52. Qxf6+ Kxf6 53. Kf2 Ke5 54. Ke3 a5 55. b4 axb4 56. axb4 Bf5 57. h4 h6 58. Bg2 Kd6 59. Bf1 Ke5 60. Bxd3 Be6 61. c5 bxc5 62. bxc5 Kd5 63. Be4+ 1/2-1/2